[Event "4NCL 2019-20"]
[Site "Daventry"]
[Date "2020.02.29"]
[Round "1"]
[White "Dwilewicz, Katarzyna"]
[Black "Zhou, Yang-Fan"]
[Result "0-1"]
[WhiteElo "2102"]
[BlackElo "2433"]
[Annotator "TA"]
[PlyCount "84"]
[EventDate "2020.01.11"]
[EventCountry "ENG"]
[SourceTitle "playchess.com"]
[Source "ChessBase"]
[SourceQuality "1"]

{[%evp 20,84,60,57,79,8,7,8,11,37,8,0,17,18,17,11,23,0,0,-10,0,0,0,-37,-23,-16,0,-8,-8,-8,0,0,0,0,0,-9,-9,-9,0,0,0,0,0,0,95,-32,-32,-26,0,0,0,0,0,0,0,0,0,0,-4,-106,-122,-348,-330,-497,-475,-695,-577]} 1. e4 c5 2. Nf3 Nc6 3. d4 cxd4 4. Nxd4 e5 5. Nb5 d6 6. N1c3 a6 7. Na3 b5 8. Nd5 Nge7 9. c4 Nxd5 10. exd5 Nd4 11. cxb5 Bd7 {[%cal Ra6b5] B32: Sicilian: Löwenthal and Kalashnikov Variations.} 12. Be3 (12. bxa6 $16 {White wants to play Be3.} Qa5+ {[%mdl 64] Double Attack} 13. Bd2 Qxd5 14. Be3) 12... axb5 $11 13. Bxd4 exd4 {The position is equal.} 14. Bd3 Qa5+ 15. Qd2 Be7 16. Qxa5 Rxa5 17. Nc2 {[#]} Kd8 $146 ({Predecessor:} 17... O-O 18. a3 Rc8 19. O-O Bf6 20. Nb4 Rc5 21. Rac1 Ra8 22. Rc2 Rac8 23. g3 g6 24. h4 Kf8 25. Kg2 Bd8 26. Rd1 Ba5 27. Nc6 Bxc6 28. dxc6 {½-½ (28) Solak,D (2586)-Perunovic,M (2577) Kragujevac 2012}) 18. f4 Kc7 19. Kd2 ({Of course not} 19. Nxd4 Bf6 $17) 19... Bf6 20. a3 Kb6 21. g3 Raa8 22. Nb4 h5 23. h4 Rhe8 24. Nc2 Kc5 25. Rac1 Kb6 26. Rhe1 g6 27. Rf1 Rac8 28. Rfe1 Bg4 29. Rxe8 Rxe8 30. Nb4 {Black must now prevent Rc6+.} Bd7 31. Nc2 $1 Bc8 {[#]} (31... Bg7 $11 {remains equal.}) 32. Nb4 ({White should try} 32. a4 $1 $16 {[%mdl 512]}) 32... Bb7 $15 33. b3 Ra8 (33... Re3 $5 {[%cal Re3g3]} 34. Rg1 Bc8 $17) 34. Ra1 Rc8 35. a4 {[%cal Ba3a4,Ba4a5,Ba5a6][%mdl 32]} Rc3 $36 {[%mdl 2048] Black is more active.} 36. a5+ Kc5 $1 {[%cal Rc5b4][%mdl 64] Double Attack} 37. a6 Ba8 38. Nc2 Rxb3 39. Re1 (39. a7 $11) 39... Kb6 40. Re8 $2 (40. Ra1 $17) 40... Bxd5 $19 41. Rb8+ (41. Na1 $142 Rb2+ 42. Nc2) 41... Kxa6 42. Bxb5+ (42. Ne1 $142) 42... Ka7 {Accuracy: White = 60%, Black = 93%.} 0-1

[Event "4NCL 2019-20"]
[Site "Daventry"]
[Date "2020.02.29"]
[Round "1"]
[White "Freeman, Gordon"]
[Black "Bridgeman, Niamh"]
[Result "1-0"]
[WhiteElo "2088"]
[BlackElo "1665"]
[Annotator "TA"]
[PlyCount "113"]
[EventDate "2020.01.11"]
[EventCountry "ENG"]
[SourceTitle "playchess.com"]
[Source "ChessBase"]
[SourceQuality "1"]

{[%evp 11,113,3,10,-11,0,-22,-19,-50,-21,-56,-55,-62,-21,-29,-8,-37,-13,-25,-13,-23,0,0,0,0,0,0,0,-13,-4,-26,0,-20,0,-31,-7,-6,-6,-53,-46,-45,-44,-44,-48,-64,-68,-60,-16,-18,-12,-25,-23,-96,-87,-77,-66,-60,-49,-58,-46,-45,0,-81,0,0,0,0,0,0,0,0,0,0,0,-8,-8,-8,161,182,347,271,636,607,1151,1151,1151,1151,1205,1191,1164,1138,1827,1560,29970,29970,29970,29966,29981,29982,29986,29983,29984,29985,29985,29986]} 1. d4 e6 2. e4 d5 3. exd5 exd5 4. Nf3 Bd6 5. Bd3 c6 6. Nc3 Ne7 7. Be3 {C01: French: Exchange Variation.} O-O 8. Qd2 Bf5 9. O-O-O {The position is equal.} Nd7 {[#]} 10. Nh4 $146 ({Predecessor:} 10. h4 Qc7 11. Kb1 b5 12. Ne2 Nf6 13. Ng3 Bxd3 14. Qxd3 Bxg3 15. fxg3 Qxg3 16. Ne5 {1-0 (23) Lafitte,L (1867)-Bizeul,P (1757) Saint Affrique 2014}) 10... Bxd3 11. Qxd3 Nf6 12. Bg5 Ng6 13. Qf3 Nxh4 14. Bxh4 Be7 15. Rhe1 Re8 16. Re3 Nd7 17. Rde1 Bg5 18. Bxg5 Qxg5 19. Kb1 Kf8 20. a3 (20. g3 {looks sharper.} Rxe3 21. Rxe3 Nf6 22. Re2 Re8 23. b3) 20... Rxe3 21. Rxe3 Re8 22. Qh3 Rxe3 23. fxe3 Ke7 24. e4 dxe4 $1 25. Nxe4 Qf4 26. Ng3 g6 27. d5 cxd5 28. Qxh7 Nf6 29. Qh8 Ne4 30. Qc8 Nd6 31. Qc5 (31. Qc3 $11) 31... Qd2 $1 $17 32. Qxa7 Qd1+ 33. Ka2 Qxc2 34. Qe3+ Kf8 35. Qe2 Qc4+ (35... Qc1 {is interesting.} 36. Qf1 Qd2 37. Qe2 Qd4 38. Qc2 Kg8) 36. Kb1 (36. Qxc4 $11 {remains equal.} Nxc4 37. Nf1) 36... Qxe2 ({Black should try} 36... Qd4 $17) 37. Nxe2 {[%mdl 4096] Endgame KN-KN} Ke7 38. Kc2 Nc4 39. Kc3 Kd6 40. g3 Ke5 41. a4 Ke4 42. b3 Ne5 {Threatening ...Nf3.} 43. Nd4 g5 $2 {This costs Black the game.} (43... Nd3 $11 {and Black stays safe.}) 44. h4 $1 $18 gxh4 $2 (44... g4 {is a better defense.}) 45. gxh4 f5 $2 (45... Kf4 46. b4 Kg4) 46. h5 Ng4 47. a5 f4 {[#]} 48. b4 $1 {[%cal Bb3b4,Bb4b5,Bb5a6][%mdl 32]} Ke5 49. b5 Kd6 50. Kb4 ({Not} 50. a6 bxa6 51. bxa6 Kc7 $18) 50... Nf6 51. h6 Nh7 52. a6 {White mates.} bxa6 53. bxa6 Kc7 54. Kc5 Nf6 55. Ne6+ {[%mdl 64] Double Attack} Kb8 56. h7 {[%mdl 64] Promotion} Nxh7 {[#]} 57. Kb6 $1 {Accuracy: White = 81%, Black = 59%.} 1-0

[Event "4NCL 2019-20"]
[Site "Daventry"]
[Date "2020.02.29"]
[Round "1"]
[White "Leon Cazares, Gustavo"]
[Black "Wall, Gavin"]
[Result "1/2-1/2"]
[WhiteElo "2084"]
[BlackElo "2324"]
[Annotator "TA"]
[PlyCount "34"]
[EventDate "2020.01.11"]
[EventCountry "ENG"]
[SourceTitle "playchess.com"]
[Source "ChessBase"]
[SourceQuality "1"]

{[%evp 18,34,52,47,57,51,82,73,105,105,125,68,83,58,75,61,62,57,67]} 1. e4 e5 2. Nf3 d6 3. d4 exd4 4. Nxd4 Nf6 5. Nc3 Be7 6. Bf4 O-O 7. Qd2 Nc6 8. O-O-O Nxd4 9. Qxd4 Be6 10. f3 Nd7 {C41: Philidor Defence.} 11. Qe3 Nb6 {[#]} 12. h4 $146 ({Predecessor:} 12. a4 Bh4 13. Kb1 Re8 14. Bg3 d5 15. Qf2 Bxg3 16. Qxg3 {½-½ (16) Obodchuk,A (2319)-Popchev,M (2268) Novi Sad 2018}) 12... Qd7 {White is better.} 13. g4 Bc4 14. g5 (14. Bxc4 $16 Nxc4 15. Qd3) 14... Bxf1 $14 15. Rhxf1 f5 16. e5 Qe6 17. Rfe1 Rae8 {Accuracy: White = 73%, Black = 79%.} 1/2-1/2

[Event "4NCL 2019-20"]
[Site "Daventry"]
[Date "2020.02.29"]
[Round "1"]
[White "Brett, Andrew R"]
[Black "Murray, David"]
[Result "1-0"]
[WhiteElo "2079"]
[BlackElo "2145"]
[Annotator "ChessBase"]
[PlyCount "61"]
[EventDate "2020.01.11"]
[EventCountry "ENG"]
[SourceTitle "playchess.com"]
[Source "ChessBase"]
[SourceQuality "1"]
[TimeControl "40/6000:3000+30"]

1. e4 {[%emt 3:02:21]} c5 {[%emt 0:00:07]} 2. Nf3 {[%emt 0:00:23]} e6 {[%emt 0:00:24]} 3. d4 {[%emt 0:00:17]} cxd4 {[%emt 0:00:06]} 4. Nxd4 {[%emt 0:00:09]} a6 {[%emt 0:00:30]} 5. c4 {[%emt 0:01:15]} Qc7 {[%emt 0:02:54]} 6. Nc3 {[%emt 0:01:02]} Nf6 {[%emt 0:01:43]} 7. a3 {[%emt 0:00:58]} Nc6 {[%emt 0:02:01]} 8. Be3 {[%emt 0:00:44]} Ne5 {[%emt 0:03:50]} 9. Be2 {[%emt 0:08:35]} h5 {[%emt 0:06:36]} 10. h3 {[%emt 0:09:50]} d6 {[%emt 0:04:00]} 11. Rc1 {[%emt 0:01:53]} b6 {[%emt 0:01:56]} 12. f4 {[%emt 0:01:54]} Ned7 {[%emt 0:03:02]} 13. O-O {[%emt 0:01:55]} Bb7 {[%emt 0:01:14]} 14. f5 {[%emt 2:54:35]} e5 15. Nd5 Qd8 16. Ne6 fxe6 17. fxe6 Bxd5 18. exd7+ Qxd7 19. exd5 Be7 20. Qc2 Bd8 21. Bd3 Rb8 22. Bg6+ Ke7 23. Bg5 b5 24. c5 b4 25. Kh1 Bc7 26. c6 Qc8 27. Rf5 Rb5 28. Rcf1 Qg8 29. Rxf6 gxf6 30. Bxf6+ Kf8 31. Bxh8+ 1-0

[Event "4NCL 2019-20"]
[Site "Daventry"]
[Date "2020.02.29"]
[Round "1"]
[White "Lauterbach, Ingrid"]
[Black "Lim, Mark"]
[Result "1-0"]
[WhiteElo "2051"]
[BlackElo "2265"]
[Annotator "TA"]
[PlyCount "127"]
[EventDate "2020.01.11"]
[EventCountry "ENG"]
[SourceTitle "playchess.com"]
[Source "ChessBase"]
[SourceQuality "1"]

{[%evp 9,127,45,51,30,29,0,0,0,50,6,9,12,3,-2,0,0,12,17,19,-10,81,0,-9,-33,39,39,28,19,39,32,494,494,497,508,486,4,7,7,7,4,7,0,9,6,20,22,66,69,55,51,81,78,87,85,73,79,81,55,55,18,26,22,41,41,41,40,40,42,66,71,123,109,312,297,552,248,552,314,467,365,12789,12789,12789,12789,12789,12789,12789,12789,12789,12789,5073,1343,29979,29980,29979,29980,29973,12793,29981,29982,29986,29987,29987,29988,29988,29989,29990,29991,29991,29992,29992,29993,29993,29994,29994,29994,29995,29996,29997,29997]} 1. e4 d5 2. exd5 Nf6 3. Nf3 Nxd5 4. d4 g6 5. c3 Bg7 6. Bb5+ {B01: Scandinavian Defence.} c6 7. Be2 {[#]} O-O $146 ({Predecessor:} 7... h6 8. O-O O-O 9. Nbd2 Nd7 10. Re1 Qc7 11. Nf1 Kh7 12. Ne3 Nf4 13. Bf1 a5 {0-1 (53) Mcenroe,G (1574)-Traub,I (2096) San Francisco 2017}) 8. O-O {The position is equal.} Qd6 9. Qd2 Bg4 10. Na3 Nd7 11. h3 Bxf3 12. Bxf3 e6 13. Nc4 Qc7 14. b3 N5f6 (14... Rfd8 $11 {remains equal.}) 15. Ne3 ({White should try} 15. Ba3 $16) 15... e5 16. d5 cxd5 (16... e4 $15 17. d6 Qa5) 17. Nxd5 $14 Nxd5 18. Qxd5 Rab8 19. Ba3 {[#] Bd6 is the strong threat.} Nc5 $2 {[%mdl 8192]} (19... Nf6 $14 20. Qd6 Qxc3) 20. Qxc5 $18 Qxc5 21. Bxc5 Rfe8 22. Bb6 $2 (22. Rad1 $18) 22... axb6 $11 23. Bd5 Kf8 24. Rae1 f5 25. g4 b5 26. c4 $36 {[%mdl 2048] White has some pressure.} bxc4 27. bxc4 Rec8 28. gxf5 gxf5 29. Rb1 Ke7 30. Rb6 Rc7 31. Rfb1 e4 32. a4 Bd4 33. Re6+ Kf8 34. a5 {aiming for a6.} Ra8 35. Rb5 Bc3 36. Bxb7 Rxa5 37. Rxa5 Bxa5 $14 {[%mdl 4096] Endgame KRB-KRB} 38. Re5 Bb6 39. Rxf5+ Rf7 {Black is on the road to losing.} (39... Kg7 $142) 40. Bxe4 $16 h6 $2 {[#]} (40... Rxf5 $16 41. Bxf5 h6) 41. Kg2 $1 $18 Rxf5 $2 (41... Bc7 {is a better defense.} 42. Rb5 Bd6) 42. Bxf5 {KB-KB} Kf7 $2 (42... Bc7 43. c5 Bb8) 43. f4 Kf6 (43... Ke7 {was called for.} 44. Kg3 Kd6) 44. Bc8 Bc7 $2 (44... Ke7 45. Kf3 Kd6) 45. Kf3 Bb8 46. Ke4 Bc7 47. c5 Bb8 48. f5 Ke7 49. Kd5 Bf4 50. Be6 Bc7 51. Kc6 Ba5 52. Kb7 Bd8 53. Bc8 Ba5 54. c6 {White mates.} Kd8 55. f6 Bc7 56. Bf5 Bd6 57. Bg6 Be5 58. f7 {[%cal Rf7f8]} Ke7 59. c7 Bxc7 60. Kxc7 Kf8 61. Kd7 h5 62. Bxh5 Kg7 63. Ke7 Kh7 64. Bg4 {Accuracy: White = 86%, Black = 50%.} 1-0

[Event "4NCL 2019-20"]
[Site "Daventry"]
[Date "2020.02.29"]
[Round "1"]
[White "Skulte, Christopher"]
[Black "Lamard, Guillaume"]
[Result "1-0"]
[WhiteElo "2033"]
[BlackElo "2472"]
[Annotator "TA"]
[PlyCount "113"]
[EventDate "2020.01.11"]
[EventCountry "ENG"]
[SourceTitle "playchess.com"]
[Source "ChessBase"]
[SourceQuality "1"]

{[%evp 10,113,0,7,25,0,3,3,25,0,15,-4,-18,-21,0,-22,-22,-23,-26,-26,-26,-25,-9,-26,-19,-20,-5,-8,-4,-29,-29,-21,0,-10,10,0,0,0,0,-2,-2,-7,0,0,0,0,0,0,157,186,281,272,271,239,244,192,176,170,171,170,185,136,155,156,163,204,187,156,156,148,204,127,140,110,107,100,149,95,202,198,191,194,214,225,29987,369,566,562,608,582,510,531,743,727,707,560,518,493,1564,1335,2426,2172,5218,5218,5206,5097]} 1. e4 c5 2. Nf3 d6 3. Nc3 Nf6 4. e5 dxe5 5. Nxe5 a6 6. a4 e6 {B50: Sicilian: 2...d6, Miscellaneous.} 7. Nc4 {[#]} Bd7 $146 ({Predecessor:} 7... b6 8. Be2 Bb7 9. Bf3 Nc6 10. O-O Qc7 11. d3 Be7 12. Bg5 O-O 13. Qd2 Nd4 14. Bxb7 Qxb7 {0-1 (34) Movsisyan,V (2293)-Le,Q (2519) Yerevan 2006}) 8. Be2 Bc6 {The position is equal.} 9. Bf3 Bd6 10. Nxd6+ Qxd6 11. O-O O-O 12. b3 Bxf3 13. Qxf3 Nc6 14. d3 Nd4 15. Qd1 Qc6 16. Re1 b6 17. Bf4 Nd5 18. Nxd5 Qxd5 19. Re5 Qd7 20. Qd2 a5 21. Rae1 Rad8 22. Bg3 Qc6 23. f4 Qc8 24. Bf2 Nc6 25. Rg5 Ne7 26. Rge5 Ng6 27. R5e4 Rd5 28. Qe2 f5 $2 (28... Qd7 $11) 29. Rxe6 $16 Qc7 (29... Nxf4 $142 30. Qf3 Nxe6 31. Qxd5 Rf6) 30. g3 $18 Rdd8 31. Qf3 Rd6 32. h4 Rfd8 33. Re8+ Nf8 34. R1e7 R6d7 35. Re5 Rxe8 36. Rxe8 Rd8 37. Rxd8 Qxd8 38. Qc6 Kf7 39. Kg2 Ng6 (39... g6 $16 40. Qb7+ Kg8) 40. Kh2 Ne7 41. Qb7 Qd6 42. Qf3 Kg6 43. Qe3 (43. h5+ $142 $1 Kf7 44. Qb7) 43... Nd5 {[#]} (43... Nc6 $16 {might work better.}) 44. Qe8+ $1 Kh6 45. Qe5 Qd7 {[#]} 46. g4 $1 $40 {[%mdl 640] Hoping for h5. White wants a kill.} Nb4 $2 (46... Kg6 $18 47. h5+ Kf7) (46... fxg4 47. Qg5#) 47. gxf5 $2 (47. h5 {mates} Qd8 48. g5+ Kxh5 49. Qxg7 Kg4 50. Qxh7 Kxf4 51. g6 Nd5 52. g7) 47... Nd5 (47... Nc6 {was worth a try.} 48. Qe4 Ne7 49. Qe6+ Qxe6 50. fxe6 Kg6) 48. Qe6+ {White is clearly winning.} Qxe6 49. fxe6 {[%mdl 4096] Endgame KB-KN} Kg6 50. d4 Nxf4 51. dxc5 bxc5 52. Bxc5 Nxe6 53. Bb6 Kh5 (53... Kf5 $142 54. Bxa5 Nd4) 54. b4 Nf4 55. Bxa5 Kxh4 56. Bd8+ Kg4 57. a5 {Accuracy: White = 77%, Black = 60%.} 1-0

[Event "4NCL 2019-20"]
[Site "Daventry"]
[Date "2020.02.29"]
[Round "1"]
[White "Varney, Zoe"]
[Black "Granat, Russell G"]
[Result "0-1"]
[WhiteElo "2004"]
[BlackElo "2170"]
[Annotator "TA"]
[PlyCount "140"]
[EventDate "2020.01.11"]
[EventCountry "ENG"]
[SourceTitle "playchess.com"]
[Source "ChessBase"]
[SourceQuality "1"]

{[%evp 9,140,29,28,28,30,10,-7,-8,-9,-19,0,-7,-3,-10,0,-10,0,-20,-20,-29,-22,-59,-52,-52,-56,-79,-66,-61,-63,-75,-58,-62,-62,-60,-66,-102,-94,-116,-110,-122,-120,-133,-122,-214,-210,-245,-255,-326,-315,-312,-270,-313,-284,-285,-271,-431,-193,-193,-200,-197,-142,-100,-120,-163,-144,-157,-83,-120,-122,-90,-83,-117,0,0,0,0,0,0,0,0,0,0,0,0,0,0,0,0,0,0,0,0,0,0,0,0,0,0,0,0,0,0,0,0,0,0,0,0,0,0,0,0,0,0,0,-14,0,-517,-183,-803,-932,-29957,-29957,-29983,-29984,-29981,-29982,-29987,-29988,-29992,-29993,-29994,-29995]} 1. e4 Nf6 2. e5 Nd5 3. d4 d6 4. exd6 cxd6 5. Nf3 g6 6. c3 {B03: Alekhine's Defence: Four Pawns Attack.} Bg7 7. Bd3 Nc6 8. O-O {The position is equal.} O-O 9. Bg5 Qc7 {[#]} 10. Qd2 $146 ({Predecessor:} 10. Nbd2 e5 11. dxe5 dxe5 12. Nb3 Nf4 13. Be4 Ne6 14. Bc1 Ne7 15. Qe2 f5 16. Bc2 {½-½ (71) Seidel,T (1923)-Rohmeiss,R (2153) Finsterbergen 2000}) 10... Bg4 11. Nh4 Rae8 12. Na3 Nb6 13. Bh6 e5 14. Bxg7 Kxg7 15. Qg5 Bc8 16. f4 e4 $36 {[%mdl 2048] Black fights for an advantage.} 17. Bc2 f6 18. Qg3 d5 19. Qe3 Qe7 20. g3 Bh3 21. Ng2 Qd7 22. Rae1 a6 23. b3 Ne7 24. Rf2 Nbc8 25. Qd2 Nd6 26. Ne3 {[#]} (26. c4 $17) 26... Ndf5 $1 $19 27. Nxf5+ Nxf5 ({Weaker is} 27... gxf5 28. Bd1 $15) 28. Qc1 Qc7 29. Bd1 Rc8 30. Rc2 h5 31. Nb1 e3 32. Qb2 (32. Rb2 {was necessary.} b5 33. Bc2) 32... Qb6 (32... g5 $142 33. fxg5 fxg5) 33. Bf3 Rfd8 34. Rce2 Bg4 (34... Qc7 $19 35. Qc1 Qd6 36. Rxe3 Nxe3 37. Qxe3 Kf7) 35. Bxg4 $17 hxg4 36. Rd1 Rc7 37. Na3 {[%cal Bb1a3,Ba3c2,Bc2e3][%mdl 32]} Re7 ({Black should try} 37... Re8 38. Rd3 Rce7) 38. Nc2 Qb5 39. Rde1 {[%cal Rc2e3]} Rde8 40. Qc1 {[%cal Rc2e3]} Kf7 (40... Qd3 $17 41. Nb4 Qe4) 41. Nxe3 $11 Qd3 {[%cal Re7e3]} 42. Nxf5 {[%cal Re2e7]} Rxe2 43. Nd6+ {[%mdl 64] [#] Double Attack} Kf8 $1 44. Nxe8 Kxe8 45. Rxe2+ Qxe2 {[%mdl 4096] Endgame KQ-KQ} 46. a4 Kf7 47. c4 Qd3 48. Qb2 Ke6 49. c5 a5 50. Kf2 {Black must now prevent Qe2+.} Kf5 51. b4 axb4 52. Qxb4 Ke4 53. Qxb7 Qc2+ 54. Kg1 Qd1+ 55. Kg2 Qd2+ 56. Kg1 Qxd4+ 57. Kg2 {Hoping for Qb1+.} Qd2+ 58. Kg1 Qd1+ 59. Kg2 Qc2+ 60. Kh1 $1 Qxc5 61. Qb1+ Kd4 62. Qd1+ Kc3 63. Qxg4 $2 {[%mdl 8192]} (63. a5 $11 {and White has nothing to worry.}) 63... Qf2 $2 (63... d4 {aiming for ...d3.} 64. Qd1 d3) 64. h4 $2 {[#]} (64. Qc8+ Kd2 65. h4) 64... d4 $1 $19 65. Qxg6 d3 {Black mates.} 66. h5 d2 {[%cal Rd2d1]} 67. Qxf6+ Kd3 {[%cal Rd2d1]} 68. Qf5+ Ke2 {[%cal Rd2d1]} 69. Qe4+ Kf1 {[%csl Gf1][%cal Rf2g1]} 70. Qb1+ Qe1 {Accuracy: White = 71%, Black = 85%.} 0-1

[Event "4NCL 2019-20"]
[Site "Daventry"]
[Date "2020.02.29"]
[Round "1"]
[White "Ackley, Peter J E"]
[Black "Sygnowski, Tomasz"]
[Result "1/2-1/2"]
[WhiteElo "2002"]
[BlackElo "2185"]
[Annotator "ChessBase"]
[PlyCount "82"]
[EventDate "2020.01.11"]
[EventCountry "ENG"]
[SourceTitle "playchess.com"]
[Source "ChessBase"]
[SourceQuality "1"]
[TimeControl "40/6000:3000+30"]

1. g3 {[%emt 0:00:00]} d5 {[%emt 0:00:00]} 2. Nf3 {[%emt 0:00:00]} Nc6 {[%emt 0:00:07]} 3. Bg2 {[%emt 0:00:00]} e5 {[%emt 0:00:00]} 4. d3 {[%emt 0:00:00]} h6 {[%emt 0:00:00]} 5. O-O {[%emt 0:00:00]} Nf6 {[%emt 0:00:00]} 6. c3 {[%emt 0:01:02]} a5 {[%emt 0:00:00]} 7. Qc2 {[%emt 0:02:17]} Be6 {[%emt 0:00:00]} 8. Nbd2 {[%emt 0:00:04]} Be7 {[%emt 0:00:00]} 9. b3 {[%emt 0:00:00]} O-O {[%emt 0:00:00]} 10. a3 {[%emt 0:00:00]} Nd7 {[%emt 0:08:14]} 11. Bb2 {[%emt 0:04:13]} f5 {[%emt 0:02:16]} 12. c4 {[%emt 0:06:21]} d4 {[%emt 0:11:55]} 13. e3 {[%emt 0:04:44]} Bf6 {[%emt 0:08:37]} 14. exd4 {[%emt 0:06:10]} exd4 {[%emt 0:02:20]} 15. b4 {[%emt 0:17:45]} axb4 {[%emt 0:00:29]} 16. axb4 {[%emt 0:00:00]} Rxa1 {[%emt 0:20:41]} 17. Bxa1 {[%emt 0:09:24]} Nxb4 {[%emt 0:09:13]} 18. Qb3 {[%emt 0:01:25]} Na6 {[%emt 0:13:56]} 19. Nxd4 {[%emt 0:19:42]} Bxd4 {[%emt 0:00:00]} 20. Bxd4 {[%emt 0:00:00]} Ndc5 {[%emt 0:00:00]} 21. Bxc5 {[%emt 0:03:28]} Nxc5 {[%emt 0:00:00]} 22. Qc3 {[%emt 0:02:19]} Qxd3 {[%emt 0:02:47]} 23. Qxd3 {[%emt 0:00:00]} Nxd3 {[%emt 0:00:00]} 24. Bxb7 {[%emt 0:00:00]} Rb8 {[%emt 0:00:00]} 25. Rb1 {[%emt 0:02:37]} Nc5 {[%emt 0:00:00]} 26. Bd5 {[%emt 0:00:25]} Rxb1+ {[%emt 0:00:25]} 27. Nxb1 {[%emt 0:00:00]} Bxd5 {[%emt 0:00:00]} 28. cxd5 {[%emt 0:00:00]} Kf7 {[%emt 0:01:52]} 29. Nc3 {[%emt 0:00:08]} Ke7 {[%emt 0:00:00]} 30. Nb5 {[%emt 0:03:47]} Kd7 {[%emt 0:01:07]} 31. Nd4 {[%emt 0:00:05]} g6 {[%emt 0:00:19]} 32. h4 {[%emt 0:00:00]} f4 {[%emt 0:01:47]} 33. gxf4 {[%emt 0:02:07]} Kd6 {[%emt 0:01:54]} 34. f5 {[%emt 0:02:52]} g5 {[%emt 0:00:03]} 35. hxg5 {[%emt 0:00:00]} hxg5 {[%emt 0:00:00]} 36. Nb5+ {[%emt 0:00:00]} Kxd5 {[%emt 0:00:00]} 37. Nxc7+ {[%emt 0:00:00]} Ke5 {[%emt 0:00:00]} 38. Ne6 {[%emt 0:00:29]} Ne4 {[%emt 0:00:00]} 39. Nxg5 {[%emt 0:00:00]} Nxg5 {[%emt 0:00:00]} 40. f4+ {[%emt 0:00:00]} Kxf5 {[%emt 0:00:00]} 41. fxg5 {[%emt 0:49:32]} Kxg5 {[%emt 0:48:44]} 1/2-1/2

[Event "4NCL 2019-20"]
[Site "Daventry"]
[Date "2020.02.29"]
[Round "1"]
[White "York-Weaving, Anna"]
[Black "Taylor, Martin R"]
[Result "0-1"]
[WhiteElo "1739"]
[BlackElo "2345"]
[Annotator "ChessBase"]
[PlyCount "50"]
[EventDate "2020.01.11"]
[EventCountry "ENG"]
[SourceTitle "playchess.com"]
[Source "ChessBase"]
[SourceQuality "1"]
[TimeControl "40/6000:3000+30"]

1. e4 {[%emt 0:46:46]} e5 {[%emt 0:00:00]} 2. Nf3 {[%emt 0:00:00]} Nc6 {[%emt 0:00:00]} 3. Bb5 {[%emt 0:00:00]} a6 {[%emt 0:00:00]} 4. Ba4 {[%emt 0:00:00]} Nf6 {[%emt 0:00:00]} 5. Qe2 {[%emt 0:00:00]} b5 {[%emt 0:00:00]} 6. Bb3 {[%emt 0:00:27]} Be7 {[%emt 0:00:00]} 7. c3 {[%emt 0:00:00]} O-O {[%emt 0:00:47]} 8. O-O {[%emt 0:00:07]} d5 {[%emt 0:04:11]} 9. exd5 {[%emt 0:02:27]} Nxd5 {[%emt 0:02:08]} 10. d3 {[%emt 0:03:23]} Bb7 {[%emt 0:07:29]} 11. Rd1 {[%emt 0:00:55]} Re8 {[%emt 0:10:23]} 12. Be3 {[%emt 0:07:08]} h6 {[%emt 0:08:18]} 13. Nbd2 {[%emt 0:04:03]} Bf8 {[%emt 0:08:34]} 14. Nf1 {[%emt 0:03:00]} Na5 {[%emt 0:07:16]} 15. Bc2 {[%emt 0:01:39]} Nf4 {[%emt 0:03:23]} 16. Bxf4 {[%emt 0:05:29]} exf4 {[%emt 0:00:00]} 17. Qd2 {[%emt 0:00:00]} Bxf3 {[%emt 0:04:17]} 18. gxf3 {[%emt 0:00:00]} Qg5+ {[%emt 0:01:08]} 19. Kh1 {[%emt 0:00:00]} Re6 {[%emt 0:00:38]} 20. d4 {[%emt 0:00:00]} Nc4 {[%emt 0:01:38]} 21. Qc1 {[%emt 0:02:57]} Re2 {[%emt 0:00:27]} 22. Nd2 {[%emt 0:01:24]} Rxf2 {[%emt 0:03:22]} 23. Rg1 {[%emt 0:00:06]} Rxh2+ {[%emt 0:00:27]} 24. Kxh2 {[%emt 0:00:00]} Qh4+ {[%emt 0:00:00]} 25. Kg2 {[%emt 0:00:00]} Ne3# {[%emt 0:00:54] Qd1} 0-1